000 00308nam a22001457a 4500
008 250426b |||||||| |||| 00| 0 eng d
020 _a9789389538038
040 _a04
100 _aSAMUELSON, P.A
245 _aECONOMICS
260 _aMC GRAW HILL
300 _a945
650 _aECONOMICS
942 _c06
999 _c65467
_d65467